luther discographie - Statistiques

Statistiques générales
  • Ce quiz a été pris 345 fois
  • Le résultat moyen est 18 sur 33
Statistiques - réponses
Hint Réponse % Correct
garcon garcon
95%
garcon alakazam
81%
feat avec rounhaa baume
78%
ami uet
77%
garcon lessgui
70%
feat avec nes killcam
69%
garcon ma vie d avant
68%
garcon blake et mortimer
67%
feat avec selug,$enar leon
67%
garcon le sang
67%
ami virage
67%
trame vvs
65%
feat avec abel31 crystal
62%
garcon pk tu m apl
62%
feat avec nes lex luthor
59%
ami inaudible
58%
garcon toriel veni vidi vide
56%
trame trame
52%
trame dinar
50%
idd baume a levres
48%
trame kamado
44%
idd intro
43%
trame hegemon
41%
trame savane
40%
idd yuto yugi
36%
single calins
35%
trame maille
33%
idd finesse
31%
trame le faire
31%
idd 20 mach
30%
single trapstar
28%
idd chrysant3mes
27%
feat montrer les dents
25%
Aucun quiz correspondant
Distribution des résultats
% des personnes avec chaque résultat
Percentile par nombre de réponses
Votre historique - résultats
Vous n’avez pas pris ce quiz